000 00477nam a2200193Ia 4500
003 GCL
008 140319s9999 xx 000 0 eng d
040 _aGCL /
_cGCL
082 0 4 _a192
_bE M
100 1 _aERIBON, DIDIER
245 1 0 _aMICHEL FOUCAULT ET CONTEMPORAINS /
_cERIBON, DIDIER
260 _a[S.N] :
_bFAYARD ،
_c1994
300 _a366 P
650 0 4 _aPHILOSOPHY
650 0 4 _aHISTORY
650 0 4 _aFAUCAULT, MICHEL
650 0 4 _aBIOGRAPHIES
942 _2ddc
_cBK
999 _c24755
_d24755